Taylor Swift - Chansons de l'album Midnights dans l'ordre - Statistiques

Statistiques générales
  • Ce quiz a été pris 112 fois
  • Le résultat moyen est 20 sur 24
Statistiques - réponses
Hint Réponse % Correct
Piste 1 Lavender Haze
100%
Piste 2 Maroon
96%
Piste 3 Anti-Hero
95%
Piste 4 Snow On The Beach
94%
Piste 5 You're On Your Own, Kid
92%
Piste 9 Bejeweled
89%
Piste 6 Midnight Rain
89%
Piste 11 Karma
87%
Piste 7 Question...?
87%
Piste 8 Vigilante Shit
86%
Piste 13 Mastermind
85%
Piste 16 Paris
85%
Piste 24 You're Losing Me
84%
Piste 18 Glitch
82%
Piste 15 Bigger Than The Whole Sky
81%
Piste 21 Hits Different
81%
Piste 14 The Great War
81%
Piste 20 Dear Reader
80%
Piste 17 High Infidelity
80%
Piste 10 Labyrinth
80%
Piste 12 Sweet Nothing
78%
Piste 23 Karma ft. Ice Spice
76%
Piste 19 Would've Could've Should've
76%
Piste 22 Snow On The Beach ft. more Lana Del Rey
74%
Aucun quiz correspondant
Distribution des résultats
% des personnes avec chaque résultat
Percentile par nombre de réponses
Votre historique - résultats
Vous n’avez pas pris ce quiz